Fr. Conceicao Rodrigues College of Engineering

Strength Of Materials (Record no. 33289)

MARC details
000 -LEADER
fixed length control field 00336nam a2200157Ia 4500
082 ## - DEWEY DECIMAL CLASSIFICATION NUMBER
Classification number 620.112
Item number Khu
100 ## - MAIN ENTRY--PERSONAL NAME
Personal name Khurmi/R.S/ Lal / Jagdish
245 ## - TITLE STATEMENT
Title Strength Of Materials
260 ## - PUBLICATION, DISTRIBUTION, ETC.
Name of publisher, distributor, etc. S.Chand & C0
Place of publication, distribution, etc. NEW DELHI
Date of publication, distribution, etc. 1979
300 ## - PHYSICAL DESCRIPTION
Extent 991
490 ## - SERIES STATEMENT
Volume/sequential designation I
546 ## - LANGUAGE NOTE
Language note ENGLISH
654 ## - SUBJECT ADDED ENTRY--FACETED TOPICAL TERMS
Focus term Materials
942 ## - ADDED ENTRY ELEMENTS (KOHA)
Koha item type BOOK
Holdings
Withdrawn status Lost status Damaged status Not for loan Collection Home library Current library Date acquired Total Checkouts Full call number Barcode Date last seen Price effective from Koha item type Shelving location
        AFT Fr. Agnel's C.Rodrigues College of Engineering Fr. Agnel's C.Rodrigues College of Engineering 17/03/2023   620.112 Khu AFT2424 17/03/2023 17/03/2023 BOOK  
        AFT Fr. Agnel's C.Rodrigues College of Engineering Fr. Agnel's C.Rodrigues College of Engineering 17/03/2023   620.112 Khu AFT2425 17/03/2023 17/03/2023 BOOK